| 000 | 03629cgm a2200745Ka 4500 | ||
|---|---|---|---|
| 001 | ocn677116596 | ||
| 003 | OCoLC | ||
| 005 | 20241220130421.0 | ||
| 008 | 101103p20112010cau105 g vleng d | ||
| 007 | vd cvaizq | ||
| 040 |
_aTEFMT _cTEFMT _dBTCTA _dTEF _dGK8 _dBKX _dCGL _dGK8 _dUINTA |
||
| 024 | 1 | 0 | _a786936810233 |
| 028 | 4 | 2 |
_a106228 _bTouchstone Home Video |
| 035 | _a(OCoLC)677116596 | ||
| 037 |
_bMidwest Tape _nhttp://www.midwesttapes.com |
||
| 041 | 1 |
_aeng _afre _aspa _jeng _jfre _jspa _heng |
|
| 050 | 4 |
_aPN1995.9.C55 _bY683 2011 |
|
| 082 | 0 | 4 |
_a791.43/72 _222 |
| 049 | _aUCLB | ||
| 092 | _a791.437 | ||
| 245 | 0 | 0 |
_aYou again _h[videorecording] / _cTouchstone Pictures presents ; a Frontier Pictures production ; produced by John J. Strauss, Eric Tannenbaum, Andy Fickman ; written by Moe Jelline ; directed by Andy Fickman. |
| 260 |
_a[Burbank, Calif.] : _bTouchstone Home Entertainment : _bDistributed by Buena Vista Home Entertainment, _c2011. |
||
| 300 |
_a1 videodisc (ca. 105 min.) : _bsd., col. ; _c4 3/4 in. |
||
| 538 | _aDVD; widescreen (2.40:1) presentation; Dolby Digital 5.1 surround; region 1; NTSC. | ||
| 546 | _aEnglish, dubbed French or dubbed Spanish dialogue, optional French or Spanish subtitles; English subtitles for the deaf and hard of hearing (SDH); closed-captioned. | ||
| 511 | 1 | _aKristen Bell, Jamie Lee Curtis, Sigourney Weaver, Odette Yustman, Kristin Chenoweth, Victor Garber, Jimmy Wolk, Betty White. | |
| 508 | _aDirector of photography, David Hennings ; edited by David Rennie, Keith Brachmann ; music by Nathan Wang. | ||
| 500 | _aOriginally released as a motion picture in 2010. | ||
| 521 | 8 | _aMPAA rating: PG. | |
| 520 | _a"For Marnie (Bell), high school was a horror movie, and her brother's wedding is the sequel when her archrival comes back to haunt her as his bride. It's nice girl versus mean girl in this hysterical reunion with the one person Marnie would really like to forget. And if that weren't enough, Marnie's mom (Curtis) reunites with her own high school nemesis (Weaver)"--Container. | ||
| 500 | _aBonus features include bloopers, deleted scenes, behind the scenes. | ||
| 650 | 0 |
_aFemale friendship _vDrama. _95719300 |
|
| 650 | 0 |
_aWeddings _vDrama. _95713449 |
|
| 650 | 0 |
_aFamilies _vDrama. _95675607 |
|
| 655 | 0 |
_aComedy films. _96218622 |
|
| 655 | 0 |
_aFeature films. _96218623 |
|
| 655 | 0 |
_aFiction films. _96218624 |
|
| 655 | 0 |
_aVideo recordings for the hearing impaired. _96218625 |
|
| 650 | 7 |
_aBodas _vTeatro. _2bidex _96508240 |
|
| 650 | 7 |
_aFamilia _vTeatro. _2bidex _95692657 |
|
| 655 | 7 |
_aFeature films. _2gsafd _96218623 |
|
| 700 | 1 |
_aWhite, Betty, _d1922- _4act _926391 |
|
| 700 | 1 |
_aBell, Kristen, _d1980- _4act _972592 |
|
| 700 | 1 |
_aYustman, Odette, _d1985- _4act _96216338 |
|
| 700 | 1 |
_aWeaver, Sigourney, _d1949- _4act _930550 |
|
| 700 | 1 |
_aCurtis, Jamie Lee, _d1958- _4act _934925 |
|
| 700 | 1 |
_aChenoweth, Kristin. _4act _966068 |
|
| 700 | 1 |
_aGarber, Victor. _4act _925453 |
|
| 700 | 1 |
_aWolk, Jimmy. _96005952 |
|
| 700 | 1 |
_aStrauss, John J., _d1957- _4pro _968388 |
|
| 700 | 1 |
_aTannenbaum, Eric, _d1963- _96218627 |
|
| 700 | 1 |
_aFickman, Andy. _4pro _4drt _972528 |
|
| 700 | 1 |
_aJelline, Moe. _4aus _96218628 |
|
| 700 | 1 |
_aHennings, David. _95756791 |
|
| 700 | 1 |
_aRennie, David. _96218629 |
|
| 700 | 1 |
_aBrachmann, Keith. _96218630 |
|
| 700 | 1 |
_aWang, Nathan. _968936 |
|
| 710 | 2 |
_aTouchstone Home Entertainment (Firm) _969333 |
|
| 710 | 2 |
_aTouchstone Pictures. _961297 |
|
| 710 | 2 |
_aFrontier Pictures. _96218631 |
|
| 938 |
_aBaker and Taylor _bBTCP _nBEDDWD 10622800 |
||
| 942 |
_cDVD _0375 |
||
| 994 |
_aC0 _bUINTA |
||
| 998 | _aa141296 | ||
| 999 |
_c75263 _d75263 |
||